Culture Générale - Série 677 - Statistiques

Statistiques générales
  • Ce quiz a été pris 189 fois
  • Le résultat moyen est 6 sur 10
Statistiques - réponses
Question Réponse % Correct
Dans quel quartier d'affaires de la banlieue parisienne, se trouve la célèbre "Grande Arche" ? La Défense
91%
De quel signe astrologique est une personne née le 15 avril ? Bélier
81%
Dans quel pays est née la chanteuse Whitney Houston ? États-Unis
80%
Quel naturaliste britannique du XIXe siècle est l'auteur de l'essai intitulé "De l'origine des espèces" ? Charles Darwin
77%
Quel est le nom des habitants du Berry ? Berrichons
65%
La comtesse de Ségur nous raconte "Les Mémoires d'un... ane
62%
Quel sport Harry Potter pratique-t-il sur son balai volant ? quidditch
55%
Quelle actrice a été, au cinéma, la partenaire privilégiée de Fred Astaire à partir de 1933 ? Ginger Rogers
41%
Quel adjectif, synonyme de centenaire, qualifie un événement qui a lieu tous les cent ans ? séculaire
38%
Quel est le nom du géant noir qui accompagne le héros de BD Mandrake le magicien ? Lothar
4%
Aucun quiz correspondant
Distribution des résultats
% des personnes avec chaque résultat
Percentile par nombre de réponses
Votre historique - résultats
Vous n’avez pas pris ce quiz